000 00220nam a22000857a 4500
008 161108b xxu||||| |||| 00| 0 eng d
100 _91068
_aArora.S.
245 _aInformation Technology-XI
260 _aNew Delhi
_bDhanpat
_c2012
999 _c3725
_d3725